000 00354pab a2200121 454500
008 180718b xxu||||| |||| 00| 0 eng d
100 _aJamal, Haron
245 _aDecomposition of growth trend in agricultural an other apporach
650 _aAgriculture Growth
700 _aZaman, Asad
773 _aIndian Journal of Agricultural Economics
909 _a23549
999 _c23549
_d23549